A vizuális média és az agresszív energiák relációi látásunk irányának és sebességének média általi meghatározottsága /

Elmentve itt :
Bibliográfiai részletek
Szerző: Pusztai Virág
Testületi szerző: Lábjegyzetek Platónhoz: Az agresszió (2015) (Szeged)
Dokumentumtípus: Könyv része
Megjelent: 2016
Sorozat:Lábjegyzetek Platónhoz 14
Az agresszió 14
Kulcsszavak:Televízió hatása, Csoportlélektan, Médiakutatás
Tárgyszavak:
Online Access:http://acta.bibl.u-szeged.hu/49357
LEADER 00938naa a2200241 i 4500
001 acta49357
005 20220107113144.0
008 170717s2016 hu o 0|| hun d
020 |a 978 963 88812 8 1 
022 |a 1785 7082 
040 |a SZTE Egyetemi Kiadványok Repozitórium  |b hun 
041 |a hun 
100 1 |a Pusztai Virág 
245 1 2 |a A vizuális média és az agresszív energiák relációi   |h [elektronikus dokumentum] :  |b látásunk irányának és sebességének média általi meghatározottsága /  |c  Pusztai Virág 
260 |c 2016 
300 |a 96-108 
490 0 |a Lábjegyzetek Platónhoz  |v 14 
490 0 |a Az agresszió  |v 14 
650 4 |a Társadalomtudományok 
650 4 |a Pszichológia 
695 |a Televízió hatása, Csoportlélektan, Médiakutatás 
710 |a Lábjegyzetek Platónhoz: Az agresszió (2015) (Szeged) 
856 4 0 |u http://acta.bibl.u-szeged.hu/49357/1/platonhoz_014_096-108.pdf  |z Dokumentum-elérés